[Event "Thessaloniki-Chalkidiki CupT"]
[Site "Thessaloniki"]
[Date "2019.02.09"]
[Round "1.2"]
[White "Tsakona, Maria"]
[Black "Tselepidis, Theodoros"]
[Result "1/2-1/2"]
[WhiteElo "1622"]
[BlackElo "1678"]
[PlyCount "116"]
[EventDate "2019.02.09"]
[EventType "team-swiss"]
[EventRounds "5"]
[EventCountry "GRE"]
[SourceTitle "EXT 2021"]
[Source "ChessBase"]
[SourceDate "2020.10.23"]
[SourceVersion "1"]
[SourceVersionDate "2020.10.23"]
[SourceQuality "1"]

1. Nf3 d6 2. c4 e5 3. g3 Be6 4. d3 Be7 5. Bg2 Nc6 6. Nc3 h6 7. d4 exd4 8. Nxd4 Nxd4 9. Qxd4 c6 10. Bf4 Nf6 11. e4 0-0 12. Rd1 Qa5 13. Bxd6 Bxd6 14. Qxd6 Rad8 15. Qf4 Rxd1+ 16. Kxd1 Rd8+ 17. Kc1 Nh5 18. Qe3 Bxc4 19. e5 Re8 20. Qd4 Be6 21. g4 Rd8 22. Qe4 Bd5 23. Nxd5 cxd5 24. Qd4 Rc8+ 25. Kb1 Rc4 26. Qxd5 Qxd5 27. Bxd5 Rd4 28. Bxb7 Rxg4 29. Rd1 Nf4 30. Rd8+ Kh7 31. Rd4 Rg1+ 32. Kc2 g5 33. Kd2 Kg7 34. a4 Rf1 35. Ke3 Re1+ 36. Kf3 Rxe5 37. h4 Ne6 38. Rb4 a5 39. Rc4 Rf5+ 40. Kg3 Re5 41. hxg5 hxg5 42. b4 axb4 43. Rxb4 f5 44. Rb5 f4+ 45. Kg4 Re2 46. f3 Rg2+ 47. Kf5 Nd4+ 48. Ke5 Nxb5 49. axb5 Rb2 50. Bc6 Kf7 51. Kf5 Ke7 52. Kxg5 Rb4 53. Kf5 Kd6 54. Be8 Kc5 55. Bd7 Rd4 56. Bc6 Rb4 57. Ke5 Kb6 58. Kd5 Ra4 1/2-1/2

[Event "Thessaloniki-Chalkidiki-chT B local"]
[Site "Thessaloniki"]
[Date "2019.01.27"]
[Round "3.2"]
[White "Tselepidis, Theodoros"]
[Black "Tolias, Dimitrios"]
[Result "1/2-1/2"]
[WhiteElo "1782"]
[BlackElo "1613"]
[PlyCount "158"]
[EventDate "2019.01.13"]
[EventType "team-swiss"]
[EventRounds "9"]
[EventCountry "GRE"]
[SourceTitle "EXT 2020"]
[Source "ChessBase"]
[SourceDate "2019.10.17"]
[SourceVersion "1"]
[SourceVersionDate "2019.10.17"]
[SourceQuality "1"]

1. b4 d5 2. Bb2 Nf6 3. Nf3 Bg4 4. g3 Bxf3 5. exf3 e6 6. a3 c5 7. bxc5 Bxc5 8. d4 Be7 9. Bd3 Qb6 10. Bc3 0-0 11. Qc1 Rc8 12. Qb2 Qc7 13. 0-0 Ne8 14. Bd2 Nd6 15. Bf4 Nd7 16. Nd2 Nb6 17. a4 Qc6 18. Bxd6 Qxd6 19. a5 Nc4 20. Bxc4 dxc4 21. c3 Qd5 22. Rfb1 Rab8 23. Qb5 Qxb5 24. Rxb5 Rc7 25. a6 b6 26. Ra4 Rbc8 27. Nf1 Kf8 28. Ne3 Ke8 29. f4 Kd7 30. Rb1 g5 31. fxg5 Bxg5 32. f4 Be7 33. Kg2 Bf8 34. f5 Bh6 35. fxe6+ Kxe6 36. Ng4 Bd2 37. Ra3 Rg8 38. Ne5 f6 39. Nf3 Bh6 40. Ra2 Rd8 41. Re2+ Kf7 42. Rbe1 Bf8 43. Re4 Rd5 44. Rf1 Ra5 45. h4 Re7 46. Ne5+ Ke8 47. Rxf6 Bg7 48. Rf5 Rxa6 49. Rg4 Bxe5 50. dxe5 Ra5 51. Rxc4 Raxe5 52. Rff4 b5 53. Rc8+ Kd7 54. Rff8 Re8 55. Rfxe8 Rxe8 56. Rc5 a6 57. Rh5 Re7 58. Rh6 a5 59. Rb6 Re2+ 60. Kh3 Rb2 61. Rb7+ Ke6 62. Rxh7 Rb3 63. Ra7 a4 64. Ra5 Kf6 65. Kg4 a3 66. Kf4 Rxc3 67. Rxb5 Rc4+ 68. Ke3 Ra4 69. Rb1 a2 70. Ra1 Ra3+ 71. Kf4 Ra4+ 72. Kf3 Kf5 73. g4+ Ke5 74. h5 Ra3+ 75. Kg2 Kf6 76. h6 Kg6 77. g5 Kxg5 78. h7 Ra8 79. h8Q Rxh8 1/2-1/2